| 000 | 01017nam a2200325 a 4500 | ||
|---|---|---|---|
| 999 |
_c8646 _d8646 |
||
| 001 | 8646 | ||
| 003 | Bd-JhCC | ||
| 005 | 20180228175011.0 | ||
| 008 | 180228s1967 r a 001 0 eng d | ||
| 035 | _a(BD-JhCC)8646 | ||
| 040 |
_aBD-JhCC _dBD-JhCC |
||
| 041 | _aeng | ||
| 082 |
_a629.2252 _bGUR1967 |
||
| 100 | 1 | _aGurevice, A. | |
| 245 | 1 | 0 |
_aTractors / _bA. Gurevice and E. Sookin |
| 260 |
_aMoscow : _bMir Publishers _c1967. |
||
| 300 |
_a516 p. : _c22 cm. _bill. ; |
||
| 490 | 1 |
_aMiscellaneous report / Agricultural Research Institute, Ministry of Agriculture and Natural Resources, Cyprus, _x0253-6749 ; _v36 |
|
| 500 | _aCover title. | ||
| 500 | _aSummary in English and Greek. | ||
| 504 | _aIncludes Index. | ||
| 650 | 0 |
_aAgricultural machinery _zCyprus. |
|
| 650 | 0 |
_aFarm tractors _zCyprus. |
|
| 700 | 1 | _aPapayiannis, Chr. | |
| 700 | 1 | _aKjelgaard, W. L. | |
| 710 | 2 | _aInstitouto Geōrgikōn Ereunōn (Cyprus). | |
| 830 | 0 |
_aMiscellaneous reports ; _v36. |
|
| 942 |
_2ddc _cBK |
||